| 000 | 01213nam a2200205Ia 4500 | ||
|---|---|---|---|
| 003 | Ost | ||
| 005 | 20260507075013.0 | ||
| 008 | 260507s9999||||xx |||||||||||||| ||und|| | ||
| 040 | _cfsecg | ||
| 041 | _aara | ||
| 082 | _a657 | ||
| 100 |
_aحنان، رضوان حلوة _eمؤلف |
||
| 245 | 0 |
_aبدائل القياس المحاسبي المعاصر : _bمشكلات محاسبية معاصرة / _c رضوان حلوة حنان |
|
| 260 |
_aعمان: _bدار وائل, _c2002 |
||
| 300 |
_a300 صفحة؛ _c24 سم |
||
| 520 | _aالمحاسبة في رأس المال والقيمة والدخل-المحاسبة عن التغيرات في الأسعار-محاسبة التغيرات في المستوى العام للأسعار-محاسبة التغيرات في المستوى الخاص للأسعار-أساس مقارنة وتقييم بدائل القياس المحاسبي-محاسبة التغيرات في المستوى النسبي للأسعار-التطورات المعاصرة-محاسبة الموارد البشرية-محاسبة المسؤولية البيئية الإجتماعية | ||
| 653 | _aالمحاسبة | ||
| 653 | _aمراجعة الحسابات | ||
| 942 | _cكتاب | ||
| 999 |
_c42179 _d42179 |
||